000 01135nam a22003137a 4500
003 CHAP
005 20220329133957.0
008 971013s1973 r 00010 d
010 _a13515
011 _a14487
035 _a18561
040 _cCHAP
090 _aTesis
100 0 0 _aCastellanos Ramos, Javier Zaragoza.
_920016
245 _aObservaciones sobre la herencia y heredabilidad de los caracteres días a floración y número de hojas arriba de la mazorca superior en maíz (Zea mays L.) en Apodaca, N.L.
260 _aMonterrey, N.L. :
_bEl autor,
_c1973
300 _a52 h.
502 _aTesis (Ing. Agr. Fitotecnista) -- ITESM. División de Ciencias Agropecuarias y Marítimas
590 _aALEPH
_b10
_c20130110
_lUCH01
_h1233
590 _aBATCH-UPD
_b10
_c20130110
_lUCH01
_h0106
590 _aBATCH-UPD
_b10
_c20130110
_lUCH01
_h1719
590 _aBATCH-UPD
_b10
_c20130410
_lUCH01
_h1103
590 _aBATCH-UPD
_b10
_c20130914
_lUCH01
_h0856
590 _aCONVERSION
_b10
_c20130109
_lUCH01
_h1309
650 1 4 _aMaíz
_xGenética.
_970963
901 _aBK
942 _cTESIS
949 _bBC
_cTES
_d-43274
_eTS1
_i18561
_si
999 _c13515
_d13515